000 nam a22 7a 4500
999 _c50217
_d50217
003 OSt
005 20201026145227.0
008 201026b xxu||||| |||| 00| 0 eng d
040 _cIIMT UNIVERSITY
_dSEROSOFT
082 _21ST
100 _aNAND, KHAR
245 _aHOSPITAL AND CLINICAL PHARMACY
_cAUTHOR
_hENGLISH
260 _aDELHI
_bBIRLA
_c2020
300 _aPAPERBACK
_b528 P P
760 _b16TH
856 _3PAPERBACK
_u617.5
_zHACP
887 _2TITLE
942 _2ddc
_c02
_e16TH
_hTITLE
_iBOOK
_k615.7 NAN
_m615.7 NAN